Management Journal of Contemporary Management Issues

Bibliographic Details
Format: Journal
Language:Croatian
Published: Split : Sveuciliste u Splitu, 1996-
Subjects:
Online Access:http://www.vlex.com/source/7225

MARC

LEADER 00000nas a22000007a 4500
005 20130311163703.0
007 cr|||| ||||
008 130311c19969999ci fr|p s|||| 0|||a1hrv d
022 |a 13310194  
035 |a 7225 
040 |a vLex 
090 |c 3888  |d 3888 
245 0 0 |a Management   |b Journal of Contemporary Management Issues  |h [Recurso electrn̤ico]  
256 |a Servicio en ln̕ea 
260 |a Split :  |b Sveuciliste u Splitu,  |c 1996- 
300 |a 1 Recurso electrn̤ico 
506 |d vLex Global  |d vLex Global (Academic Edition, excluding Law Schools)  |d vLex Global (U.S. Academic Edition, Law Schools)  |d vLex Global (U.S. Academic Edition, excluding Law Schools)  |d vLex Global (Academic Edition, Law Schools) 
650 0 4 |a Administracin̤ (Management)  |v Revistas  |z Croacia 
740 |a vLex Revistas (Servicio en ln̕ea)  
856 |a Acceso restringido  |u http://www.vlex.com/source/7225 
942 |c REV 
999 0 |a Management